LEADER 01783nam2-2200373---450 001 990008877560403321 005 20171002103845.0 035 $a000887756 035 $aFED01000887756 035 $a(Aleph)000887756FED01 035 $a000887756 100 $a20090715d2008----km-y0itay50------ba 101 0 $aeng$aita 102 $aIT 105 $aa-------001yy 200 1 $aAreas of the Lagoon of Venice on the official geological map of Italy$esheet 128 Venezia, sheets 148-149 Chioggia- Malamocco$d= Le aree di laguna nella carta geologica ufficiale d'Italia$efoglio 128 Venezia, fogli 148-149 Chioggia- Malamocco$feditor Regione Veneto, Direzione geologia ed attivitą estrattive, Servizio geologia 210 $aRoma$cSystemCart$d2008 215 $a98 p.$cill.$d30 cm$e4 c. geol. ripiegate 300 $aIn testa al frontespizio: APAT, Dipartimento difesa del suolo, Servizio geologico d'Italia 461 0$1001000183668$12001$aMemorie descrittive della carta geologica d'Italia$v83 510 1 $a<>aree di laguna nella carta geologica ufficiale d'Italia$efoglio 128 Venezia, fogli 148-149 Chioggia- Malamocco 610 0 $aGeologia 676 $a551$v20$zita 712 01$aVeneto$c.$bServizio geologia 801 0$aIT$bUNINA$gRICA$2UNIMARC 856 4 $zTesto disponibile sul sito dell'ISPRA$uhttp://www.isprambiente.gov.it/it/pubblicazioni/periodici-tecnici/memorie-descrittive-della-carta-geologica-ditalia/le-aree-di-laguna-nella-carta-geologica-ufficiale$e20150916 901 $aBK 912 $a990008877560403321 952 $a60 551 A 7/83$b12035$fFAGBC 952 $aINU C 420$b1718$fFARBC 959 $aFARBC 959 $aFAGBC 996 $aAreas of the Lagoon of Venice on the official geological map of Italy$9802648 997 $aUNINA LEADER 01490nam 2200493 450 001 9910809483403321 005 20170909100118.0 010 $a1-78348-393-8 035 $a(CKB)3710000000929231 035 $a(MiAaPQ)EBC4733891 035 $a(EXLCZ)993710000000929231 100 $a20161118h20162016 uy 0 101 0 $aeng 135 $aurcnu|||||||| 181 $2rdacontent 182 $2rdamedia 183 $2rdacarrier 200 00$aCultural studies 50 years on $ehistory, practice and politics /$fedited by Kieran Connell and Matthew Hilton 210 1$aLondon, [England] ;$aNew York :$cRowman & Littlefield,$d2016. 210 4$d©2016 215 $a1 online resource (337 pages) 300 $aIncludes index. 311 $a1-78348-392-X 311 $a1-78348-394-6 606 $aCulture$xStudy and teaching 606 $aCulture$xStudy and teaching$zGreat Britain 606 $aPopular culture$zGreat Britain 606 $aArts$zGreat Britain 607 $aGreat Britain$xCivilization$y1945- 607 $aGreat Britain$xCultural policy 615 0$aCulture$xStudy and teaching. 615 0$aCulture$xStudy and teaching 615 0$aPopular culture 615 0$aArts 676 $a306.07 702 $aConnell$b Kieran 702 $aHilton$b Matthew 801 0$bMiAaPQ 801 1$bMiAaPQ 801 2$bMiAaPQ 906 $aBOOK 912 $a9910809483403321 996 $aCultural studies 50 years on$93940067 997 $aUNINA